| 000 -LEADER | |
|---|---|
| fixed length control field | 00429nam a22001697a 4500 |
| 005 - DATE AND TIME OF LATEST TRANSACTION | |
| control field | 20160521122644.0 |
| 008 - FIXED-LENGTH DATA ELEMENTS--GENERAL INFORMATION | |
| fixed length control field | 160521b xxu||||| |||| 00| 0 eng d |
| 020 ## - INTERNATIONAL STANDARD BOOK NUMBER | |
| ISBN | 81-70111-828-6 |
| 041 ## - LANGUAGE CODE | |
| Language code of text/sound track or separate title | eng |
| 082 ## - DEWEY DECIMAL CLASSIFICATION NUMBER | |
| Item number | 3771 |
| 100 ## - MAIN ENTRY--AUTHOR NAME | |
| Personal name | Kapoor U.K. |
| 245 ## - TITLE STATEMENT | |
| Title | Operations Research Techniques for Management |
| 260 ## - PUBLICATION, DISTRIBUTION, ETC. (IMPRINT) | |
| Place of publication | New Delhi |
| Name of publisher | Sultan Chand & Sons, |
| Year of publication | 1985 |
| 300 ## - PHYSICAL DESCRIPTION | |
| Number of Pages | 1026 |
| 650 ## - SUBJECT ADDED ENTRY--TOPICAL TERM | |
| Topical Term | Management |
| 942 ## - ADDED ENTRY ELEMENTS (KOHA) | |
| Koha item type | Books |
| Lost status | Damaged status | Collection code | Home library | Current library | Shelving location | Date acquired | Cost, normal purchase price | Full call number | Accession Number | Koha item type |
|---|---|---|---|---|---|---|---|---|---|---|
| Reference | JRU Library | SHELF -72- H | 21/05/2016 | 310.00 | 3771 | 3771 | Books | |||
| MANAGEMENT | JRU Library | JRU Library | SHELF-76-E | 21/05/2016 | 310.00 | 3771 | 3772 | Books | ||
| MANAGEMENT | JRU Library | JRU Library | SHELF-76-E | 21/05/2016 | 310.00 | 3771 | 3773 | Books | ||
| JRU Library | 21/05/2016 | 310.00 | 3771 | 3774 | Books | |||||
| MANAGEMENT | JRU Library | JRU Library | SHELF-76-E | 21/05/2016 | 310.00 | 3771 | 3775 | Books | ||
| MANAGEMENT | JRU Library | JRU Library | SHELF-76-E | 21/05/2016 | 310.00 | 3771 | 3776 | Books | ||
| MANAGEMENT | JRU Library | JRU Library | SHELF-76-E | 21/05/2016 | 310.00 | 3771 | 3777 | Books |